000 004300000a22001450004500
090 _aAR
_b02895
245 1 0 _aWhat makes a good natural resource management plan?
650 1 4 _aPlanes de manejo
_992725
650 1 4 _aPolíticas ambientales
_95366
650 1 4 _aGestión ambiental
_992206
041 0 _aInglés
100 1 _aFallding, Martin
_996401
942 _cARTICULO
773 1 _tEcological Management
_31291
_h3
_q185-194
_d2000
_g1
999 _c11955
_d11955